000 00773nam a22002651 4500
001 74914
003 BD-RjUL
005 20211209082623.0
008 711020s1966 nyua b 000 0 eng
035 _a(BD-RjUL)
040 _aDLC
_cDLC
_dDLC
_beng
041 _aeng
082 0 0 _a571.2
_223
_bDEP 1968
100 1 _aDevlin, Robert M.
_9226252
245 0 0 _aPlant physiology
_c[by] Robert M. Devlin.
260 _aNew York,
_bReinhold Pub. Corp.
_c[c1966]1968
300 _axi, 564 p.
_billus.
_c24 cm.
490 0 _aReinhold books in the biological sciences
504 _aIncludes bibliographies.
650 0 _aPlant physiology.
_9226253
906 _a7
_bcbc
_corignew
_du
_eocip
_f19
_gy-gencatlg
942 _2ddc
_cBK
999 _c74914
_d74914